000 00915nas a2200301Ia 4500
001 110
003 CO-MdFUSB
005 20170407171253.0
008 151030s9999 c 000 0 s d
022 _a1657-9488
037 _bFundación Universitaria Autónoma de las Américas
040 _cCO-MdFUSB
_dCO-MdFUSB
_aCO-MdFUSB
_bspa
_erda
041 _aspa
_hspa
245 1 0 _aNoticia
_cFundación Universitaria Autónoma de las Américas
260 _aMedellín
264 _aColombia :
_bFundación Universitaria Autónoma de las Américas
300 _aVolumen 5
_c30 c.
310 _aNo aplica
_b2009
336 _2rdacontent
_a1
_ba1
337 _2rdamedia
_a2
_b5
338 _a2
362 _a2009
546 _aTexto en español
650 _vPublicaciones seriadas
773 _dColombia : Fundación Universitaria Autónoma de las Américas, 2009.
810 _hRevista
942 _cCR
_2ddc
_a2
999 _c49501
_d49501